| 000 -ლიდერი |
| ფიქსირებული სიგრძის საკონტროლო ველი |
00766nam a22001937a 4500 |
| 003 - საკონტროლო ნომრის იდენტიფიკატორი |
| საკონტროლო ველი |
Ge_BSU |
| 005 - ბოლო ოპერაციის თარიღი და დრო |
| საკონტროლო ველი |
20221005145025.0 |
| 008 - ფიქსირებული სიგრძის მონაცემთა ელემენტები - ზოგადი ინფორმაცია |
| ფიქსირებული სიგრძის საკონტროლო ველი |
221005s2004 ge ||||| |||| 00| 0 geo d |
| 041 ## - ენის კოდი |
| Language code of text/sound track or separate title |
geo |
| 080 ## - უნივერსალური ათობითი კლასიფიკაციის ინდექსი |
| Universal Decimal Classification number |
113/119 ა-30 |
| 100 ## - მთავარი ჩანაწერი - პიროვნების სახელი |
| Personal name |
ავალიანი, სერგი |
| 9 (RLIN) |
356 |
| 245 ## - ცნობა სათაურის შესახებ |
| Title |
XX საუკუნის ნატურფილოსოფია / |
| Statement of responsibility, etc |
[რედ.: მამუკა დოლიძე] ; საქ. ფილოსოფ. მეცნ. აკად. |
| 264 ## - წარმოების, გამოცემის, დისტრიბუციის და სხვა ცნობები |
| გამოცემის, წარმოების, დისტრიბუციის... ადგილი |
თბ., |
| გამოცემის, წარმოების, დისტრიბუციის... თარიღი |
2004. |
| 300 ## - ფიზიკური აღწერა |
| Extent |
588 გვ. ; |
| Other physical details |
20სმ. |
| 504 ## - BIBLIOGRAPHY, ETC. NOTE |
| Bibliography, etc |
ბიბლიოგრ.: გვ. 581-588. |
| 653 ## - INDEX TERM--UNCONTROLLED |
| Uncontrolled term |
ბუნების ფილოსოფია. |
| 653 ## - INDEX TERM--UNCONTROLLED |
| Uncontrolled term |
ნატურფილოსოფია. |
| 942 ## - ADDED ENTRY ELEMENTS (KOHA) |
| Source of classification or shelving scheme |
|
| Koha item type |
წიგნი |